Carnets de guerre de Pierre Pasquier (notice n° 1552928)
[ vue normale ]
| 000 -LEADER | |
|---|---|
| fixed length control field | 01435cam a2200277zu 4500 |
| 003 - CONTROL NUMBER IDENTIFIER | |
| control field | FRCYB45001823 |
| 005 - DATE AND TIME OF LATEST TRANSACTION | |
| control field | 20251020123053.0 |
| 008 - FIXED-LENGTH DATA ELEMENTS--GENERAL INFORMATION | |
| fixed length control field | 251020s2005 fr | o|||||0|0|||fre d |
| 020 ## - INTERNATIONAL STANDARD BOOK NUMBER | |
| International Standard Book Number | 9782916147017 |
| 035 ## - SYSTEM CONTROL NUMBER | |
| System control number | FRCYB45001823 |
| 040 ## - CATALOGING SOURCE | |
| Original cataloging agency | FR-PaCSA |
| Language of cataloging | fr |
| Transcribing agency | |
| Description conventions | rda |
| 100 1# - MAIN ENTRY--PERSONAL NAME | |
| Personal name | Faïta, Mino |
| 245 01 - TITLE STATEMENT | |
| Title | Carnets de guerre de Pierre Pasquier |
| Remainder of title | Mémoire et histoire 1914-1948 |
| Statement of responsibility, etc. | ['Faïta, Mino'] |
| 264 #1 - PRODUCTION, PUBLICATION, DISTRIBUTION, MANUFACTURE, AND COPYRIGHT NOTICE | |
| Name of producer, publisher, distributor, manufacturer | Editions de l'Astronome |
| Date of production, publication, distribution, manufacture, or copyright notice | 2005 |
| 300 ## - PHYSICAL DESCRIPTION | |
| Extent | p. |
| 336 ## - CONTENT TYPE | |
| Content type code | txt |
| Source | rdacontent |
| 337 ## - MEDIA TYPE | |
| Media type code | c |
| Source | rdamdedia |
| 338 ## - CARRIER TYPE | |
| Carrier type code | c |
| Source | rdacarrier |
| 520 ## - SUMMARY, ETC. | |
| Summary, etc. | Ecrits dans l'urgence d"une situation constamment dramatique où la mort préside à tous les destins, ces carnets de guerre sont un témoignage précieux.Parcourant la ligne de front des Vosges à la mer en passant par l’Alsace, la Lorraine, la Champagne, la Picardie, le Nord Pas de Calais, la Belgique… pendant plus de 4 ans, le caporal P. Pasquier observe, noue des relations et note tout. 7Au cours de ces périples, interrompus par neuf brèves permissions, il rencontre des centaines d’hommes et, parmi eux, des Savoyards enrégimentés dans les 97e et 30e R.I. mais aussi les Haut Alpins du 159e, les chasseurs… |
| 650 #0 - SUBJECT ADDED ENTRY--TOPICAL TERM | |
| Topical term or geographic name entry element | |
| 700 0# - ADDED ENTRY--PERSONAL NAME | |
| Personal name | Faïta, Mino |
| 856 40 - ELECTRONIC LOCATION AND ACCESS | |
| Access method | Cyberlibris |
| Uniform Resource Identifier | <a href="https://international.scholarvox.com/netsen/book/45001823">https://international.scholarvox.com/netsen/book/45001823</a> |
| Electronic format type | text/html |
| Host name | |
Pas d'exemplaire disponible.




Réseaux sociaux